Derecho internacional pb︢lico contemporǹeo

Detalles Bibliográficos
Autor principal: de Oliveira Mazzuoli, Valerio
Formato: eBook
Lenguaje:español
Publicado: Barcelona: J.M. Bosch Editor, 2019
Materias:
Acceso en línea:Acceso restringido

MARC

LEADER 00000nam a22000007a 4500
005 20190402222333.0
007 cr|||| ||||
008 190402s2019 es |||||s|||| 00||0 spa d
020 |a 978-99961-931-2-5 
035 |a 23234 
040 |a vLex 
090 |c 8543  |d 8543 
100 1 |a de Oliveira Mazzuoli, Valerio 
245 1 0 |a Derecho internacional pb︢lico contemporǹeo  |h [Recurso electrn̤ico] /  |c Valerio de Oliveira Mazzuoli 
256 |a Servicio en ln̕ea 
260 |a Barcelona:  |b J.M. Bosch Editor,  |c 2019 
300 |a 1 recurso electrn̤ico 
506 1 |a Disponible solo en los productos indicados  |d vLex Global  |d vLex Global (Academic Edition, excluding Law Schools)  |d vLex Global (U.S. Academic Edition, Law Schools)  |d vLex Global (U.S. Academic Edition, excluding Law Schools)  |d vLex Global (Academic Edition, Law Schools) 
650 0 4 |a Derecho Internacional  |z Espaą 
740 0 |a vLex Libros (Servicio en ln̕ea) 
856 4 0 |u http://vlex.com/source/derecho-internacional-publico-contemporaneo-23234  |z Acceso restringido 
942 |c BOOK 
999 0 |a International right